| 000 | 00810nam a2200229 i 4500 | ||
|---|---|---|---|
| 001 | 51691 | ||
| 003 | ES-MaACL | ||
| 005 | 20251013211952.0 | ||
| 007 | t| | ||
| 008 | 030814s1960 sp ||||1| spa d | ||
| 100 | 0 |
_aDaniélou, Jean. _942633 |
|
| 245 | 1 | 3 |
_aEl diálogo católico-protestante / _cJean Danielou, Jean Guitton y Jean Bosc ; [versión española Carlos Lluch]. |
| 260 |
_aValencia : _bFomento de Cultura, _c[1960] |
||
| 300 |
_a185 p. ; _c18 cm. |
||
| 610 | 2 | 4 |
_aIglesia Católica- _xRelaciones- _xIglesias protestantes. _9165681 |
| 650 | 4 |
_aIglesias protestantes- _xRelaciones- _xIglesia Católica. _9165682 |
|
| 700 | 1 |
_aGuitton, Jean, _d1901-1999 _960916 |
|
| 700 | 1 |
_aBosc, Jean. _930631 |
|
| 700 | 1 |
_aLluch, Carlos. _972959 |
|
| 852 |
_aES-MaACL _jF-222 _bR.47257 |
||
| 999 |
_c51691 _d51691 |
||